[Event "PRO League Group Stage"]
[Site "chess.com INT"]
[Date "2019.03.07"]
[Round "9"]
[White "Zhai, Mo"]
[Black "Lampman, Becca"]
[Result "1-0"]
[WhiteTitle "WGM"]
[WhiteElo "2365"]
[BlackElo "2030"]
[WhiteTeam "Chengdu Pandas"]
[BlackTeam "Seattle Sluggers"]
[WhiteFideId "8600201"]
[BlackFideId "2082128"]
[EventDate "2019.01.08"]

1. d4 Nf6 2. c4 g6 3. g3 Bg7 4. Bg2 O-O 5. Nf3 d6 6. O-O Nc6 7. Nc3 a6 8. b3 Rb8
9. d5 Na5 10. Qc2 c5 11. Bb2 b5 12. Nd2 bxc4 13. bxc4 Ng4 14. Nd1 Ne5 15. h3 e6
16. Rb1 exd5 17. cxd5 Nd7 18. Bxg7 Kxg7 19. Rxb8 Nxb8 20. Qb2+ Qf6 21. Qxb8 Nb7
22. Qc7 Re8 23. Ne3 Qd4 24. Ndc4 Qf6 25. Rb1 Qe7 26. Qxe7 Rxe7 27. Rb6 1-0

[Event "PRO League Group Stage"]
[Site "chess.com INT"]
[Date "2019.03.07"]
[Round "9"]
[White "Manu, David Suthandram R"]
[Black "Chigaev, Maksim"]
[Result "0-1"]
[BlackTitle "GM"]
[WhiteElo "2252"]
[BlackElo "2604"]
[WhiteTeam "Delhi Dynamite"]
[BlackTeam "Estonia Horses"]
[WhiteFideId "35019562"]
[BlackFideId "4108116"]
[EventDate "2019.01.08"]

1. e4 g6 2. Nf3 Bg7 3. d4 d6 4. Nc3 Nf6 5. Bc4 O-O 6. Qe2 Nc6 7. e5 Ne8 8. Bg5
Bg4 9. O-O-O Kh8 10. Nd5 f6 11. Bh4 fxe5 12. dxe5 Qd7 13. e6 Qxe6 14. Nxe7 Qd7
15. Qe3 Nf6 16. Nd5 Nh5 17. Rhe1 Bxf3 18. gxf3 Ne5 19. Be2 c6 20. Nc3 d5 21. Ne4
Qh3 22. Be7 dxe4 23. Bxf8 Rxf8 24. fxe4 Qxe3+ 25. fxe3 Nf6 26. Bd3 Bh6 27. h3
Nfd7 28. Rf1 Bxe3+ 29. Kb1 Rxf1 30. Rxf1 Kg7 31. b4 h5 32. Kb2 g5 33. Rf5 Kg6
34. Be2 g4 35. hxg4 hxg4 36. Kb3 g3 37. Bf1 Nf7 38. Rf3 Bf2 39. c4 Ng5 40. Rf4
Ne5 41. b5 Ne6 42. Rf5 Nd4+ 43. Kb4 Nxf5 44. exf5+ Kxf5 0-1

[Event "PRO League Group Stage"]
[Site "chess.com INT"]
[Date "2019.03.07"]
[Round "9"]
[White "Narayanan, S.L."]
[Black "Kryakvin, Dmitry"]
[Result "1/2-1/2"]
[WhiteTitle "GM"]
[BlackTitle "GM"]
[WhiteElo "2575"]
[BlackElo "2588"]
[WhiteTeam "Delhi Dynamite"]
[BlackTeam "Moscow Phoenix"]
[WhiteFideId "5058422"]
[BlackFideId "4153278"]
[EventDate "2019.01.08"]

1. Nf3 Nf6 2. c4 g6 3. b3 Bg7 4. Bb2 O-O 5. g3 b6 6. Bg2 Bb7 7. d4 e6 8. O-O d5
9. Ne5 Nbd7 10. Nc3 Nxe5 11. dxe5 Ne4 12. Nxe4 dxe4 13. Qc2 c5 14. Rad1 Qc7 15.
Bxe4 Rad8 16. Bxb7 Qxb7 17. Rd6 Rd7 18. Rfd1 Rfd8 19. Qd2 Rxd6 20. exd6 e5 21.
d7 Qc6 22. f4 Qe6 23. fxe5 Bxe5 24. Qg5 f6 25. Qe3 Kf7 26. Bxe5 Qxe5 27. Qd2 Qe6
28. e4 Qxe4 29. Kf2 Qd4+ 30. Qxd4 cxd4 31. Rxd4 Ke6 32. Ke3 Rxd7 33. Rxd7 Kxd7
34. b4 Ke6 35. Kd4 f5 36. c5 bxc5+ 37. Kxc5 Ke5 38. h4 h6 39. b5 g5 40. a4 gxh4
41. gxh4 f4 42. a5 f3 43. b6 axb6+ 44. axb6 f2 45. b7 f1=Q 46. b8=Q+ Ke4 47.
Qe8+ Kf3 48. Qh5+ Kg3 49. Qxh6 Qf5+ 50. Kd6 Qf4+ 51. Qxf4+ Kxf4 52. h5 Kg5 53.
h6 Kxh6 1/2-1/2

[Event "PRO League Group Stage"]
[Site "chess.com INT"]
[Date "2019.03.07"]
[Round "9"]
[White "Mikhailovsky, Vladimir"]
[Black "Gupta, Abhijeet"]
[Result "0-1"]
[WhiteTitle "CM"]
[BlackTitle "GM"]
[WhiteElo "2180"]
[BlackElo "2581"]
[WhiteTeam "Moscow Phoenix"]
[BlackTeam "Delhi Dynamite"]
[WhiteFideId "34105414"]
[BlackFideId "5010608"]
[EventDate "2019.01.08"]

1. e4 c5 2. Nf3 d6 3. Bb5+ Nd7 4. d4 cxd4 5. Qxd4 a6 6. Bxd7+ Bxd7 7. Nc3 Rc8 8.
Bg5 h6 9. Bh4 e5 10. Qd3 g5 11. Bg3 Nf6 12. O-O-O Qc7 13. Kb1 Be7 14. h4 g4 15.
Nd2 b5 16. h5 b4 17. Nd5 Nxd5 18. exd5 f5 19. Rde1 O-O 20. f3 Bb5 21. Qb3 Bg5
22. Nf1 a5 23. a3 f4 24. Bh4 a4 25. Qxb4 Qxc2+ 26. Ka1 Qc1+ 27. Rxc1 Rxc1+ 28.
Ka2 Bc4+ 29. b3 axb3+ 30. Kb2 Rc2+ 31. Kb1 Bd3 32. Qxb3 Rc3+ 33. Kb2 Rxb3+ 34.
Kxb3 Bxf1 35. Rxf1 Bxh4 36. a4 Rb8+ 37. Kc4 Bd8 38. Kd3 Rb4 39. Rc1 Kf7 40. Rc8
gxf3 41. gxf3 Ke7 42. Ra8 Rd4+ 43. Ke2 Rxd5 44. Ra7+ Ke6 45. Rh7 Bg5 46. Ra7 Rd4
47. a5 Ra4 48. a6 Kd5 49. Ra8 Kd4 50. a7 Ra2+ 51. Kd1 d5 52. Kc1 Ke3 53. Kb1 Ra6
54. Kc2 Kxf3 55. Kc3 e4 56. Kb4 e3 57. Re8 Rxa7 0-1

[Event "PRO League Group Stage"]
[Site "chess.com INT"]
[Date "2019.03.07"]
[Round "9"]
[White "Afanasiev, Nikita"]
[Black "Vaibhav, Suri"]
[Result "0-1"]
[WhiteTitle "FM"]
[BlackTitle "GM"]
[WhiteElo "2508"]
[BlackElo "2590"]
[WhiteTeam "Moscow Phoenix"]
[BlackTeam "Delhi Dynamite"]
[WhiteFideId "24183555"]
[BlackFideId "5045185"]
[EventDate "2019.01.08"]

1. e4 e6 2. d4 d5 3. Nd2 c5 4. Ngf3 cxd4 5. Nxd4 Nc6 6. Bb5 Bd7 7. Nxc6 bxc6 8.
Bd3 Bd6 9. O-O Nf6 10. Qe2 Qc7 11. h3 O-O 12. c4 Rfe8 13. b3 e5 14. cxd5 cxd5
15. exd5 e4 16. Bc4 e3 17. Nf3 exf2+ 18. Qxf2 Ne4 19. Qb2 Bc5+ 20. Nd4 Ng3 21.
Bd2 Ne2+ 22. Bxe2 Rxe2 23. Rf2 Qe5 0-1

[Event "PRO League Group Stage"]
[Site "chess.com INT"]
[Date "2019.03.07"]
[Round "9"]
[White "Raja, Harshit"]
[Black "Pantsulaia, Levan"]
[Result "1/2-1/2"]
[WhiteTitle "IM"]
[BlackTitle "GM"]
[WhiteElo "2432"]
[BlackElo "2597"]
[WhiteTeam "Mumbai Movers"]
[BlackTeam "Tbilisi Gentlemen"]
[WhiteFideId "5089000"]
[BlackFideId "13602071"]
[EventDate "2019.01.08"]

1. e4 c5 2. Nf3 e6 3. d4 cxd4 4. Nxd4 a6 5. Bd3 Bc5 6. Nb3 Ba7 7. Qe2 Nc6 8. O-O
d6 9. Be3 Nf6 10. c4 O-O 11. Nc3 e5 12. Bxa7 Rxa7 13. Qe3 Be6 14. Rfd1 b6 15.
Be2 Qb8 16. Rac1 Nd7 17. Nd5 Nc5 18. h3 Nxb3 19. axb3 Nd4 20. Bg4 Bxd5 21. cxd5
Rc7 22. Rc3 a5 23. Rdc1 Rc5 24. Rc4 g6 25. f4 Qe8 26. Rf1 Qb5 27. fxe5 dxe5 28.
Qg5 Nxb3 29. Rxc5 Qxc5+ 30. Kh2 Qd4 31. Qe7 Qb4 32. d6 Nd2 33. Rxf7 Rxf7 34. Be6
Nf1+ 35. Kh1 Ng3+ 36. Kh2 Nf1+ 37. Kh1 Ng3+ 38. Kh2 Nf1+ 1/2-1/2

[Event "PRO League Group Stage"]
[Site "chess.com INT"]
[Date "2019.03.07"]
[Round "9"]
[White "Sadhwani, Raunak"]
[Black "Paichadze, Luka"]
[Result "1-0"]
[WhiteTitle "IM"]
[BlackTitle "GM"]
[WhiteElo "2451"]
[BlackElo "2583"]
[WhiteTeam "Mumbai Movers"]
[BlackTeam "Tbilisi Gentlemen"]
[WhiteFideId "35093487"]
[BlackFideId "13602934"]
[EventDate "2019.01.08"]

1. e4 c6 2. d4 d5 3. e5 Bf5 4. Nf3 e6 5. c3 Nd7 6. Be2 Nh6 7. a4 Be7 8. a5 O-O
9. O-O Bg6 10. Nbd2 f6 11. exf6 Bxf6 12. Nb3 Nf7 13. Bf4 e5 14. dxe5 Nfxe5 15.
Nfd4 Re8 16. Re1 Qe7 17. a6 Rab8 18. axb7 Rxb7 19. Bg3 Qf7 20. f4 Nc4 21. f5
Bxd4+ 22. Nxd4 Bxf5 23. Bxc4 Rxe1+ 24. Qxe1 dxc4 25. Nxc6 Nc5 26. Nd8 Re7 27.
Nxf7 Rxe1+ 28. Bxe1 Kxf7 29. Rxa7+ Kg6 30. Bf2 Ne6 31. Bd4 Bd3 32. Kf2 h5 33.
Ke3 Bf5 34. Ra4 Bd3 35. b4 Nc7 36. Ra5 Bf1 37. Kf2 Bd3 38. b5 Be4 39. b6 Ne8 40.
Be5 Kf7 41. b7 Bxb7 42. Ra7 Ke6 43. Rxb7 1-0

[Event "PRO League Group Stage"]
[Site "chess.com INT"]
[Date "2019.03.07"]
[Round "9"]
[White "Quparadze, Giga"]
[Black "Puranik, Abhimanyu"]
[Result "1-0"]
[WhiteTitle "GM"]
[BlackTitle "GM"]
[WhiteElo "2493"]
[BlackElo "2536"]
[WhiteTeam "Tbilisi Gentlemen"]
[BlackTeam "Mumbai Movers"]
[WhiteFideId "13602250"]
[BlackFideId "5061245"]
[EventDate "2019.01.08"]

1. e4 e6 2. d4 d5 3. Nc3 Bb4 4. exd5 exd5 5. Bd3 Nf6 6. Nf3 O-O 7. O-O c6 8. Bg5
h6 9. Bh4 Be7 10. Re1 Nbd7 11. Ne2 Re8 12. Ng3 Nf8 13. Nf5 Bxf5 14. Bxf5 Ne4 15.
Bxe4 Bxh4 16. Bf5 Rxe1+ 17. Qxe1 Bf6 18. Qe2 g6 19. Bh3 Nh7 20. Re1 Ng5 21. Nxg5
hxg5 22. c3 Kg7 23. g3 Qd6 24. Kg2 b5 25. Bg4 b4 26. Qa6 Qc7 27. Rc1 bxc3 28.
Rxc3 Qb6 29. Rxc6 Qxd4 30. Bf3 Re8 31. b3 Re1 32. Qa5 Qa1 33. Qxd5 g4 34. Bxg4
Rg1+ 35. Kf3 Qf1 36. Ke3 Qe1+ 37. Be2 Rf1 38. Rc7 Qxf2+ 39. Kd3 Qf5+ 40. Qxf5
Rxf5 41. Rxa7 Rd5+ 42. Kc2 Rf5 43. Bc4 Rf2+ 44. Kd3 Be5 45. a4 Rxh2 46. Rxf7+
Kh6 47. a5 Ra2 48. a6 Bxg3 49. b4 Bh2 50. Bxa2 1-0

[Event "PRO League Group Stage"]
[Site "chess.com INT"]
[Date "2019.03.07"]
[Round "9"]
[White "Volkov, Nika"]
[Black "Amonatov, Farrukh"]
[Result "1-0"]
[BlackTitle "GM"]
[WhiteElo "2153"]
[BlackElo "2621"]
[WhiteTeam "Tbilisi Gentlemen"]
[BlackTeam "Mumbai Movers"]
[WhiteFideId "13604376"]
[BlackFideId "14700077"]
[EventDate "2019.01.08"]

1. d4 Nf6 2. c4 g6 3. Nc3 Bg7 4. e4 d6 5. Nf3 Kf8 6. Be2 Nbd7 7. O-O h6 8. e5
Ne8 9. e6 fxe6 10. Nh4 Kf7 11. Qd3 Nf8 12. Nxg6 Nxg6 13. Bh5 Rf8 14. Qxg6+ Kg8
15. Re1 Bd7 16. Qg3 Nf6 17. Bf3 Kh8 18. Bxb7 Rb8 19. Bf3 Ng8 20. Be4 Qe8 21. Bg6
Qd8 22. Re4 Be8 23. Rh4 Bxg6 24. Qxg6 Rf6 25. Qd3 Qe8 26. Ne4 Qg6 27. Rh3 Rf5
28. Rg3 Qf7 29. Rb1 d5 30. Nd2 Nf6 31. cxd5 Nxd5 32. Nf3 Nb4 33. Qe4 Nxa2 34.
Nh4 Nb4 35. Nxf5 Qxf5 36. Qxf5 exf5 37. Bf4 Bxd4 38. Bxc7 Rb7 39. Bf4 Kh7 40.
Rd1 e5 41. Rb3 a5 42. Be3 a4 43. Ra3 Nc2 44. Rxa4 Nxe3 45. fxe3 Bxe3+ 46. Kf1
Rxb2 47. Rd7+ Kg6 48. Ra6+ Kh5 49. Rg7 Bf4 50. Rf6 Rb1+ 51. Ke2 Rb2+ 52. Kd1 Bg5
53. Rxf5 Rxg2 54. Rxe5 Rxh2 55. Rexg5+ hxg5 56. Rh7+ Kg4 57. Rxh2 Kf3 58. Ke1 1-0

[Event "PRO League Group Stage"]
[Site "chess.com INT"]
[Date "2019.03.07"]
[Round "9"]
[White "Korchmar, Vasiliy"]
[Black "Savchenko, Boris"]
[Result "0-1"]
[WhiteTitle "IM"]
[BlackTitle "GM"]
[WhiteElo "2424"]
[BlackElo "2562"]
[WhiteTeam "Volga Stormbringers"]
[BlackTeam "Moscow Wizards"]
[WhiteFideId "24131750"]
[BlackFideId "4147332"]
[EventDate "2019.01.08"]

1. d4 Nf6 2. Nf3 e6 3. Bf4 c5 4. c3 Nc6 5. e3 Nh5 6. Bg5 Qb6 7. d5 exd5 8. Qxd5
d6 9. Bc4 Be6 10. Qe4 Kd7 11. O-O h6 12. Bh4 g5 13. Bg3 Nxg3 14. hxg3 Qxb2 15.
Nbd2 Qxc3 16. Rab1 Rb8 17. Rb3 Qf6 18. Rfb1 Kc7 19. Bxe6 Qxe6 20. Qa4 d5 21. e4
dxe4 22. Nxe4 b6 23. Re3 Qf5 24. Nc3 Rd8 25. Rbe1 Kb7 26. Ne5 Nxe5 27. Rxe5 Qd7
28. Qc4 Bd6 29. Rd5 Rhe8 30. Red1 Qe6 31. a4 Be5 32. Qe4 Rxd5 33. Rxd5 Kb8 34.
Nb5 a6 35. Na3 Bxg3 36. Qxe6 fxe6 37. Rd7 Bc7 38. Nc4 Rd8 0-1

[Event "PRO League Group Stage"]
[Site "chess.com INT"]
[Date "2019.03.07"]
[Round "9"]
[White "Lushenkov, Mikhail"]
[Black "Bazeev, German"]
[Result "1/2-1/2"]
[WhiteTitle "IM"]
[WhiteElo "2434"]
[BlackElo "2423"]
[WhiteTeam "Moscow Wizards"]
[BlackTeam "Volga Stormbringers"]
[WhiteFideId "4162129"]
[BlackFideId "24119350"]
[EventDate "2019.01.08"]

1. Nf3 d5 2. e3 Nf6 3. c4 c6 4. Nc3 g6 5. d4 Bg7 6. Be2 O-O 7. O-O dxc4 8. Bxc4
Bg4 9. h3 Bxf3 10. Qxf3 Nbd7 11. Rd1 e5 12. Bb3 exd4 13. exd4 Nb6 14. Bg5 Qd6
15. a3 Rae8 16. Bf4 Qd7 17. Be5 Nfd5 18. Bxg7 Kxg7 19. Nxd5 cxd5 20. Rac1 Re4
21. Bc2 Re7 22. h4 Nc4 23. Rb1 h5 24. g3 Rfe8 25. Bd3 Re6 26. Bxc4 dxc4 27. d5
Rf6 28. Qc3 Qf5 29. Qd4 Re4 30. Qd2 Rd6 31. a4 Kh7 32. Rbc1 Re5 33. Qc2 Rexd5
34. Rxd5 Qxd5 35. Qxc4 Qf3 36. Qc3 Qg4 37. b3 Rc6 38. Qd2 Rf6 39. Rc7 Qf3 40.
Rc3 Qe4 41. Re3 Qb1+ 42. Kg2 Qf5 43. Kg1 Qc5 44. Qc3 Qxc3 45. Rxc3 Rb6 46. f3
Kg7 47. Kf2 Kf6 48. Ke3 Ke5 49. Kd3 f6 50. Kc2 g5 51. Rc5+ Kd6 52. Ra5 g4 53.
Rxh5 gxf3 54. Rf5 Ke6 55. Rxf3 f5 56. Re3+ Kd5 57. Re1 Kd4 58. Rf1 Ke4 59. Rf4+
Ke5 60. b4 Rg6 61. Rf3 Ke4 62. Rc3 Rh6 63. a5 b6 64. axb6 axb6 65. Kb3 b5 66.
Kc2 Rd6 67. Rc5 Rg6 68. Rc3 Rd6 69. Rc5 Rg6 70. Rc3 Kd4 71. Rf3 Ke4 72. Rf4+ Ke5
73. h5 Rxg3 74. Rh4 Rg4 75. Rh1 Rxb4 76. h6 Rc4+ 77. Kb3 Rc8 78. h7 Rh8 79. Kb4
Kf6 80. Kxb5 Kg6 81. Kc4 Rxh7 82. Rxh7 Kxh7 83. Kd4 f4 84. Ke4 f3 85. Kxf3 1/2-1/2

[Event "PRO League Group Stage"]
[Site "chess.com INT"]
[Date "2019.03.07"]
[Round "9"]
[White "Dordzhieva, Dinara"]
[Black "Oparin, Grigoriy"]
[Result "0-1"]
[WhiteTitle "WIM"]
[BlackTitle "GM"]
[WhiteElo "2340"]
[BlackElo "2613"]
[WhiteTeam "Moscow Wizards"]
[BlackTeam "Volga Stormbringers"]
[WhiteFideId "24157570"]
[BlackFideId "24125890"]
[EventDate "2019.01.08"]

1. Nf3 Nf6 2. c4 e6 3. g3 d5 4. Bg2 dxc4 5. Qa4+ Bd7 6. Qxc4 c5 7. Ne5 Qc8 8.
Nxd7 Qxd7 9. O-O Nc6 10. d3 Rc8 11. Nc3 Be7 12. Qa4 O-O 13. Bf4 Rfd8 14. Rac1 a6
15. h3 h6 16. Rfe1 Nd5 17. Bd2 Bf8 18. Nxd5 exd5 19. Be3 b5 20. Qc2 Nb4 21. Qb1
d4 22. Bd2 Nd5 23. Qc2 Re8 24. Qb3 Nb6 25. Ba5 Na4 26. Bd2 Re6 27. h4 Rb6 28.
Qc2 Rf6 29. e4 dxe3 30. Bxe3 Nb6 31. Qb3 Rd8 32. Bxc5 Bxc5 33. Rxc5 Rxf2 34.
Rce5 Rf6 35. Kh1 g6 36. Qc3 Qd6 37. R1e3 h5 38. Qe1 Kg7 39. a3 Qd4 40. Qe2 Na4
41. b4 Nc3 42. Qe1 Rdd6 43. Re8 Nd5 44. R3e4 Qxd3 45. R4e5 Nc7 46. Rc8 Ne6 47.
Rc3 Qd4 48. Rce3 Qb2 49. Qc3 Rd1+ 50. Kh2 Qxc3 51. Rxc3 Rf2 52. Kh3 Rdd2 0-1

[Event "PRO League Group Stage"]
[Site "chess.com INT"]
[Date "2019.03.07"]
[Round "9"]
[White "Bryakin, Mikhail"]
[Black "Tsydypov, Zhamsaran"]
[Result "1-0"]
[WhiteTitle "FM"]
[BlackTitle "IM"]
[WhiteElo "2426"]
[BlackElo "2545"]
[WhiteTeam "Volga Stormbringers"]
[BlackTeam "Moscow Wizards"]
[WhiteFideId "4165314"]
[BlackFideId "4108566"]
[EventDate "2019.01.08"]

1. d4 Nf6 2. c4 e6 3. g3 c5 4. d5 b5 5. e4 bxc4 6. Nc3 d6 7. Bxc4 Be7 8. Nge2
O-O 9. O-O Nbd7 10. dxe6 Ne5 11. Bd5 Nxd5 12. Nxd5 Bxe6 13. Nef4 f5 14. Nxe6 Qd7
15. Nxf8 Rxf8 16. Bf4 Ng6 17. Nxe7+ 1-0

[Event "PRO League Group Stage"]
[Site "chess.com INT"]
[Date "2019.03.07"]
[Round "9"]
[White "Manukian, Artak"]
[Black "Meshkovs, Nikita"]
[Result "1-0"]
[BlackTitle "GM"]
[WhiteElo "2196"]
[BlackElo "2557"]
[WhiteTeam "Armenia Eagles"]
[BlackTeam "Estonia Horses"]
[WhiteFideId "13301373"]
[BlackFideId "11602740"]
[EventDate "2019.01.08"]

1. e4 e5 2. Nf3 Nc6 3. d4 exd4 4. Nxd4 Bc5 5. Nxc6 Qf6 6. Qf3 dxc6 7. Bc4 Qg6 8.
O-O Nf6 9. Nc3 Be6 10. Bxe6 fxe6 11. Be3 Bb4 12. Bd4 O-O 13. Bxf6 Rxf6 14. Qe3
Raf8 15. Kh1 Qh5 16. e5 Rf4 17. Ne2 Rh4 18. h3 Ba5 19. f4 Bb6 20. Qf3 Qh6 21.
Qg3 Rh5 22. Rad1 Rhf5 23. Rf3 Qh5 24. Qg4 Qxg4 25. hxg4 R5f7 26. g3 h5 27. gxh5
Rf5 28. Kg2 Rxh5 29. c4 a5 30. Nc3 Kf7 31. Ne4 Rfh8 32. Rfd3 Rh2+ 33. Kf3 Rc2
34. Rd7+ Kg6 35. c5 Bxc5 36. Nxc5 Rxc5 37. Rxc7 Rb5 38. Rdd7 Rg8 39. Rxb7 Rxb7
40. Rxb7 Rd8 41. Re7 Rd2 42. Rxe6+ Kf5 43. Rd6 Rxd6 44. exd6 Ke6 45. Ke4 Kxd6
46. f5 Ke7 47. Ke5 1-0

[Event "PRO League Group Stage"]
[Site "chess.com INT"]
[Date "2019.03.07"]
[Round "9"]
[White "Sargsyan, Shant"]
[Black "Ehlvest, Jaan"]
[Result "1-0"]
[WhiteTitle "IM"]
[BlackTitle "GM"]
[WhiteElo "2486"]
[BlackElo "2521"]
[WhiteTeam "Armenia Eagles"]
[BlackTeam "Estonia Horses"]
[WhiteFideId "13306766"]
[BlackFideId "4500016"]
[EventDate "2019.01.08"]

1. e4 e6 2. d4 d5 3. e5 c5 4. c3 Nc6 5. Nf3 Bd7 6. Be2 a6 7. O-O Rc8 8. Nbd2
cxd4 9. cxd4 Nge7 10. Nb3 Nf5 11. Bd2 f6 12. Bd3 Nh6 13. Bxh6 gxh6 14. Re1 Bg7
15. exf6 Qxf6 16. Rc1 O-O 17. Nc5 Qe7 18. Bb1 Rxf3 19. Qxf3 Nxd4 20. Qxd5 Bc6
21. Nxe6 Qf7 22. Qe4 Bf6 23. Nxd4 Bxe4 24. Rxc8+ Kg7 25. Rc7 Qxc7 26. Ne6+ 1-0

[Event "PRO League Group Stage"]
[Site "chess.com INT"]
[Date "2019.03.07"]
[Round "9"]
[White "Yakubboev, Nodirbek"]
[Black "Ter-Sahakyan, Samvel"]
[Result "1-0"]
[WhiteTitle "IM"]
[BlackTitle "GM"]
[WhiteElo "2569"]
[BlackElo "2574"]
[WhiteTeam "Estonia Horses"]
[BlackTeam "Armenia Eagles"]
[WhiteFideId "14203987"]
[BlackFideId "13302531"]
[EventDate "2019.01.08"]

1. d4 Nf6 2. c4 e6 3. g3 d5 4. Bg2 Be7 5. Nf3 O-O 6. O-O dxc4 7. Qc2 a6 8. a4 c5
9. dxc5 Bxc5 10. Nbd2 b5 11. axb5 Bb7 12. Nh4 Qc8 13. Ra4 Bxg2 14. Nxg2 Nbd7 15.
Rxa6 Rxa6 16. bxa6 Nb6 17. a7 Qc7 18. Kh1 Qxa7 19. Nxc4 Nxc4 20. Qxc4 h6 21. b4
Bb6 22. Be3 Nd5 23. Bc5 Rb8 24. e4 Nf6 25. Ne3 Qb7 26. f3 Bxc5 27. bxc5 Qc6 28.
Rc1 Rd8 29. Nc2 Rd2 30. Nb4 Qc7 31. Qc3 Rd8 32. c6 h5 33. Qc5 h4 34. Na6 Qc8 35.
c7 Re8 36. Qb6 hxg3 37. hxg3 e5 38. Kg2 Qd7 39. Rc2 Rc8 40. Qb7 Ne8 41. Qd5 Qa4
42. Qc6 Qxc6 43. Rxc6 f6 44. Kh3 Kf7 45. f4 exf4 46. gxf4 Ke7 47. f5 Kd7 48. Rc1
Nxc7 49. Nc5+ Kd6 50. Ne6 Kd7 51. Kg4 Nxe6 52. fxe6+ Kd8 53. e7+ 1-0

[Event "PRO League Group Stage"]
[Site "chess.com INT"]
[Date "2019.03.07"]
[Round "9"]
[White "Narva, Mai"]
[Black "Martirosyan, Haik M."]
[Result "0-1"]
[WhiteTitle "WIM"]
[BlackTitle "GM"]
[WhiteElo "2347"]
[BlackElo "2607"]
[WhiteTeam "Estonia Horses"]
[BlackTeam "Armenia Eagles"]
[WhiteFideId "4500512"]
[BlackFideId "13306553"]
[EventDate "2019.01.08"]

1. e4 e5 2. Nf3 Nc6 3. Bb5 a6 4. Ba4 Nf6 5. O-O Be7 6. Re1 d6 7. c3 O-O 8. h3
Bd7 9. d4 Re8 10. Nbd2 Bf8 11. Bc2 g6 12. a4 Bg7 13. a5 h6 14. Nb3 Nh5 15. Be3
Qf6 16. Qd2 g5 17. dxe5 Nxe5 18. Nxe5 Qxe5 19. Bd4 Qf4 20. Rad1 Qxd2 21. Nxd2
Nf4 22. Nc4 Bb5 23. Bb3 Rad8 24. Bxg7 Kxg7 25. Ne3 Kf8 26. f3 h5 27. Nd5 Nxd5
28. Rxd5 f6 29. h4 Re5 30. hxg5 fxg5 31. Red1 Rde8 32. Kf2 Kg7 33. R1d2 Bc6 34.
Rxe5 Rxe5 35. Bd5 Bxd5 36. exd5 Kf6 37. Rd4 b5 38. g3 Kf5 39. b4 Re8 40. Rd1 h4
41. Rh1 hxg3+ 42. Kxg3 Re3 43. Rc1 g4 44. c4 Rxf3+ 45. Kg2 bxc4 46. Rxc4 Rb3 47.
Rxc7 Rb2+ 48. Kg3 Rb3+ 49. Kg2 Rxb4 50. Rc6 Ke5 51. Rxa6 Kxd5 52. Ra8 Ra4 53. a6
Kc6 54. Kg3 Kb6 55. a7 Rxa7 56. Rg8 Ra4 57. Rxg4 Rxg4+ 58. Kxg4 Kc5 59. Kf4 Kd4 0-1

[Event "PRO League Group Stage"]
[Site "chess.com INT"]
[Date "2019.03.07"]
[Round "9"]
[White "Chigaev, Maksim"]
[Black "Narayanan, S.L."]
[Result "1-0"]
[WhiteTitle "GM"]
[BlackTitle "GM"]
[WhiteElo "2604"]
[BlackElo "2575"]
[WhiteTeam "Estonia Horses"]
[BlackTeam "Delhi Dynamite"]
[WhiteFideId "4108116"]
[BlackFideId "5058422"]
[EventDate "2019.01.08"]

1. e4 c5 2. Nc3 d6 3. d4 cxd4 4. Qxd4 Nc6 5. Qd2 g6 6. b3 Bh6 7. f4 Nf6 8. Bb2
O-O 9. O-O-O a5 10. a4 Qb6 11. Kb1 Be6 12. Nf3 Nb4 13. Nd4 Bg4 14. Be2 e5 15.
Ndb5 Bxf4 16. Qxd6 Qxd6 17. Nxd6 Bxe2 18. Nxe2 Ng4 19. Nxf4 exf4 20. Rdf1 Rfd8
21. Nxf7 Kxf7 22. Rxf4+ Ke6 23. Rxg4 Rac8 24. Rf4 Rxc2 25. Rf6+ Ke7 26. Rhf1
Rdd2 27. Rf7+ Kd8 28. Bc1 Rd3 29. Rf8+ Kc7 30. R8f3 Rxf3 31. gxf3 Rc3 32. Kb2
Rc2+ 33. Kb1 Kd7 34. Rd1+ Ke6 35. Bd2 Rc5 36. Bxb4 axb4 37. Rd4 Rc3 38. Rxb4
Rxf3 39. Rxb7 Rf1+ 40. Kb2 Rf2+ 41. Kc3 Rxh2 42. a5 h5 43. b4 Ra2 44. Rh7 Kd6
45. Rg7 Rg2 46. a6 h4 47. a7 Ra2 48. Kb3 Ra1 49. Rxg6+ Kc7 50. Rh6 Kb7 51. Rxh4
Re1 52. Kc4 Kxa7 53. Kd5 Kb7 54. e5 Kc7 55. Rh7+ Kd8 56. b5 Rc1 57. b6 1-0

[Event "PRO League Group Stage"]
[Site "chess.com INT"]
[Date "2019.03.07"]
[Round "9"]
[White "Kryakvin, Dmitry"]
[Black "Manu, David Suthandram R"]
[Result "1-0"]
[WhiteTitle "GM"]
[WhiteElo "2588"]
[BlackElo "2252"]
[WhiteTeam "Moscow Phoenix"]
[BlackTeam "Delhi Dynamite"]
[WhiteFideId "4153278"]
[BlackFideId "35019562"]
[EventDate "2019.01.08"]

1. d4 Nf6 2. c4 e6 3. Nf3 d5 4. Bg5 Be7 5. e3 O-O 6. Nc3 b6 7. Rc1 dxc4 8. Bxc4
Bb7 9. O-O Ne4 10. Nxe4 Bxe4 11. Bxe7 Qxe7 12. Bd3 Bxd3 13. Qxd3 Rc8 14. Qe4 Nd7
15. Rxc7 Rxc7 16. Qxa8+ Nf8 17. Qe4 Qb4 18. Qb1 Qc4 19. Ne5 Qe2 20. Re1 Qd2 21.
Rd1 Qc2 22. Nd3 Nd7 23. g3 Kf8 24. Rc1 Qxb1 25. Rxb1 Rc2 26. Kf1 e5 27. Nxe5
Nxe5 28. dxe5 Ke7 29. a4 Ke6 30. b3 Kxe5 31. Rd1 Ke6 32. Rd3 b5 33. axb5 Rc5 34.
Ke2 Rxb5 35. Kd2 Ra5 36. Kc3 Rc5+ 37. Kb2 a5 38. Rd4 g5 39. g4 f5 40. h3 fxg4
41. hxg4 Ke5 42. Rd7 Ke4 43. Rxh7 Kf3 44. Rf7+ Kxg4 45. e4 Rc6 46. Rf5 Ra6 47.
Ka3 Re6 48. f3+ Kg3 49. Ka4 Rb6 50. Rxg5+ Kxf3 51. Rb5 Re6 52. e5 Ke4 53. Kxa5
Kd4 54. b4 Kc4 55. Rc5+ Kd4 56. Kb5 Rh6 57. Rc6 Rh5 58. Re6 Kd5 59. Re8 Rh2 60.
Kb6 Rh6+ 61. e6 Kd6 62. b5 Rh5 63. Ka6 Rh1 64. b6 Ra1+ 65. Kb7 Rb1 66. Ka7 Ra1+
67. Kb8 Rb1 68. b7 Kc6 69. Rc8+ Kd6 70. Rc3 Kxe6 71. Kc8 Kd5 72. b8=Q 1-0

[Event "PRO League Group Stage"]
[Site "chess.com INT"]
[Date "2019.03.07"]
[Round "9"]
[White "Vaibhav, Suri"]
[Black "Mikhailovsky, Vladimir"]
[Result "1-0"]
[WhiteTitle "GM"]
[BlackTitle "CM"]
[WhiteElo "2590"]
[BlackElo "2180"]
[WhiteTeam "Delhi Dynamite"]
[BlackTeam "Moscow Phoenix"]
[WhiteFideId "5045185"]
[BlackFideId "34105414"]
[EventDate "2019.01.08"]

1. e4 c6 2. Nf3 d5 3. exd5 cxd5 4. Ne5 Nc6 5. d4 g6 6. Bb5 Qb6 7. Nc3 Nf6 8. Qf3
Be6 9. O-O Bg7 10. Be3 O-O 11. Bxc6 bxc6 12. Na4 Qc7 13. Nc5 Bf5 14. Bf4 Qc8 15.
Rac1 Ne4 16. Nxe4 Bxe4 17. Qc3 Qb7 18. b3 Rac8 19. Rfe1 c5 20. dxc5 d4 21. Qxd4
Bxg2 22. Qd7 Rxc5 23. Qxb7 Bxb7 24. Nd7 Rf5 25. Bg3 Rd8 26. Rxe7 Bc6 27. Ne5 Ba8
28. Re1 a5 29. Nd7 a4 30. Re8+ Rxe8 31. Rxe8+ Bf8 32. Rxf8+ Kg7 33. Rxa8 Rd5 34.
Be5+ f6 35. Bxf6+ Kh6 36. Ne5 Rd6 37. Nf7+ Kh5 38. Nxd6 1-0